Days of the generals : (Record no. 131027)
[ view plain ]
| 000 -LEADER | |
|---|---|
| fixed length control field | 01151cam a2200313 a 4500 |
| 001 - CONTROL NUMBER | |
| control field | 12552359 |
| 003 - CONTROL NUMBER IDENTIFIER | |
| control field | ARRUPE |
| 005 - DATE AND TIME OF LATEST TRANSACTION | |
| control field | 20211028104142.0 |
| 008 - FIXED-LENGTH DATA ELEMENTS--GENERAL INFORMATION | |
| fixed length control field | 011001s2001 sa a b 001 0 eng |
| 010 ## - LIBRARY OF CONGRESS CONTROL NUMBER | |
| LC control number | 2001427136 |
| 020 ## - INTERNATIONAL STANDARD BOOK NUMBER | |
| International Standard Book Number | 1868723402 |
| 040 ## - CATALOGING SOURCE | |
| Original cataloging agency | DLC |
| Transcribing agency | DLC |
| Modifying agency | DLC |
| 043 ## - GEOGRAPHIC AREA CODE | |
| Geographic area code | f-sa--- |
| 050 00 - LIBRARY OF CONGRESS CALL NUMBER | |
| Classification number | DT1945 |
| Item number | .H37 2001 |
| 082 00 - DEWEY DECIMAL CLASSIFICATION NUMBER | |
| Classification number | 355/.0092/268 |
| Edition number | 21 |
| 300 ## - PHYSICAL DESCRIPTION | |
| Other physical details | ill. ; |
| Dimensions | 25 cm. |
| 100 1# - MAIN ENTRY--PERSONAL NAME | |
| Personal name | Hamann, Hilton. |
| 9 (RLIN) | 50786 |
| 245 10 - TITLE STATEMENT | |
| Title | Days of the generals : |
| Remainder of title | [the untold story of South Africa's apartheid-era military generals] / |
| Statement of responsibility, etc | Hilton Hamann. |
| 250 ## - EDITION STATEMENT | |
| Edition statement | 1st ed. |
| 260 ## - PUBLICATION, DISTRIBUTION, ETC. (IMPRINT) | |
| Place of publication, distribution, etc | Cape Town : |
| Name of publisher, distributor, etc | Zebra, |
| Date of publication, distribution, etc | 2001. |
| 300 ## - PHYSICAL DESCRIPTION | |
| Extent | xvii, 242 p. : |
| 504 ## - BIBLIOGRAPHY, ETC. NOTE | |
| Bibliography, etc | Includes bibliographical references (p. 235-236) and index. |
| 651 #0 - SUBJECT ADDED ENTRY--GEOGRAPHIC NAME | |
| Geographic name | South Africa |
| General subdivision | History, Military |
| Chronological subdivision | 1961- |
| 9 (RLIN) | 50787 |
| 651 #0 - SUBJECT ADDED ENTRY--GEOGRAPHIC NAME | |
| Geographic name | South Africa |
| General subdivision | Politics and government |
| Chronological subdivision | 1961-1978. |
| 9 (RLIN) | 13374 |
| 651 #0 - SUBJECT ADDED ENTRY--GEOGRAPHIC NAME | |
| Geographic name | South Africa |
| General subdivision | Politics and government |
| Chronological subdivision | 1978-1989. |
| 9 (RLIN) | 8521 |
| 651 #0 - SUBJECT ADDED ENTRY--GEOGRAPHIC NAME | |
| Geographic name | South Africa |
| General subdivision | Politics and government |
| Chronological subdivision | 1989-1994. |
| 9 (RLIN) | 8522 |
| 906 ## - LOCAL DATA ELEMENT F, LDF (RLIN) | |
| a | 7 |
| b | cbc |
| c | orignew |
| d | 3 |
| e | ncip |
| f | 20 |
| g | y-gencatlg |
| 942 ## - ADDED ENTRY ELEMENTS (KOHA) | |
| Source of classification or shelving scheme | Library of Congress Classification |
| Koha item type | Monograph ( Printed materials) |
| Withdrawn status | Lost status | Source of classification or shelving scheme | Damaged status | Not for loan | Collection code | Home library | Current library | Shelving location | Date acquired | Total Checkouts | Full call number | Barcode | Date last seen | Price effective from | Koha item type |
|---|---|---|---|---|---|---|---|---|---|---|---|---|---|---|---|
| Library of Congress Classification | Main Collection | ARRUPE LIBRARY | ARRUPE LIBRARY | Main Collection | 28/10/2021 | DT1945 .H37 2001 | 46600007006 | 28/10/2021 | 28/10/2021 | Monograph ( Printed materials) |